00366nam a2200133Ia 450000500170000000800410001702000150005808200130007310000110008624500230009726000420012030000130016250000570017520250522025644.0240331s9999 xx 000 0 und d a0742508811 a301bMOO aMoon,V 0aOru dalittamiruntu aCoimbatorebVidiyal Pathippagamc2002 a214 p ., aTamil Translation of Growing up Untouchable in India